000 00574nam a22001577a 4500
008 150424b xxu||||| |||| 00| 0 eng d
020 _a07621248
020 _a2858504873
082 _a708
_bA 792a
100 _aArtschwager, Richard
_92498
245 _a Artschwager
_c Artschwager, Richard; Blistene, Bernard (curador)
260 _aParis
_bCentre Pompidou
_c1989
300 _a127 p.
_bill. (col)
_c23.5x27 cm
650 _x Artschwager, Richard-1923-2013
_xArte Americano-exhibiciones
_xArte moderno-S.20
_92499
700 _a Richard Artschwager; Bernard Blistene (curador)
_92500
999 _c545
_d545